| 000 | 01126nam a22002537a 4500 | ||
|---|---|---|---|
| 999 |
_c1649 _d1649 |
||
| 003 | AR-CdUCM | ||
| 008 | 190227b ||||| |||| 00| 0 spa d | ||
| 040 |
_aMUNICIPALIDAD PROVINCIAL DEL CUSCO _cBIBLIOTECA MUNICIPAL DEL CUSCO |
||
| 082 |
_a340.8 / _bOS82 |
||
| 100 |
_aOssorio y Gallardo, Ángel _96137 |
||
| 245 |
_aCartas a una muchacha sobre temas de Derecho Civil / _cOssorio y Gallardo, Ángel |
||
| 260 |
_aBuenos Aires - Argentina: _bEditoriales Juridicas Europa - America , _c1957. |
||
| 300 |
_a177 paginas : _c15.7 cm. |
||
| 440 |
_aBrevarios de Derecho _n5 _96138 |
||
| 505 | _aLa base del Amor -- La indisolubilidad del Matrimonio -- Derechos y Obligaciones de los conyugues -- Patria Potestad -- Tutela -- Regimen de bienes en el matrimonio -- Testamento -- Herencia -- Propiedad -- Derecho Social -- La Accion Femenina... | ||
| 650 |
_aDerecho Social. _96139 |
||
| 650 |
_aPatria Potestad. _96140 |
||
| 650 |
_aDerecho Civil. _95265 |
||
| 650 |
_aFeminismo. _94003 |
||
| 650 |
_aIdeologia de Genero. _96141 |
||
| 700 |
_aOssorio y Gallardo, Ángel _96137 |
||
| 942 |
_2ddc _cLIBROS |
||
| 945 |
_artm _d2019-02-27 |
||